Grolier classics: The Scarlett letter, The history of Herodotus, Utilitarianism and on liberty, The sonnets

Đã lưu trong:
Bibliografiske detaljer
Format: Bog
Sprog:Undetermined
Udgivet: New York Grolier 1956
Fag:
Tags: Tilføj Tag
Ingen Tags, Vær først til at tagge denne postø!
Thư viện lưu trữ: Trung tâm Học liệu Trường Đại học Cần Thơ
LEADER 00502nam a2200157Ia 4500
001 CTU_26713
008 210402s9999 xx 000 0 und d
082 |a 808.3 
082 |b G875s 
245 0 |a Grolier classics: The Scarlett letter, The history of Herodotus, Utilitarianism and on liberty, The sonnets 
260 |a New York 
260 |b Grolier 
260 |c 1956 
650 |a literature - history and criticism 
904 |i Minh, 981019 
980 |a Trung tâm Học liệu Trường Đại học Cần Thơ